Kutadgu Bilig grameri : (Record no. 58510)
| 000 -BAŞLIK | |
|---|---|
| Sabit Uzunluktaki Kontrol Alanı | 01161nam a22003617a 4500 |
| 001 - KONTROL NUMARASI | |
| Control Dosyası | 0058706 |
| 003 - KONTROL NUMARASI KİMLİĞİ | |
| Kontrol Alanı | KOHA_MİRAKIL |
| 005 - EN SON İŞLEM TARİHİ ve ZAMANI | |
| Kontrol Alanı | 20260207004202.0 |
| 007 - FİZİKSEL TANIM SABİT ALAN - GENEL BİLGİ | |
| Sabit uzunluklu kontrol alanı | ta |
| 008 - SABİT UZUNLUKTAKİ VERİ ÖGELERİ - GENEL BİLGİ | |
| Sabit Alan | 160629b1984 tu |||gr||||#0|||1|tur | |
| 040 ## - KATALOGLAMA KAYNAĞI | |
| Özgün Kataloglama Kurumu | TR-BiSEU |
| Kataloglama Dili | tur |
| Çeviri Kurumu | TR-BiSEU |
| Açıklama Kuralları | rda |
| 041 0# - DİL KODU | |
| Metin ya da ses kaydının dil kodu | tur |
| 044 ## - YAYINLAYAN/ÜRETEN KURULUŞUN ÜLKE KODU | |
| ISO country code | tu |
| 050 ## - SINIFLAMA ve YER NUMARASI | |
| Sınıflama Numarası | PL49.9 |
| Yer Numarası | .E73 1984 |
| 100 1# - KİŞİ ADI | |
| Yazar Adı (Kişi adı) | Ercilasun, Ahmet B.. |
| 245 1# - ESER ADI BİLDİRİMİ | |
| Başlık | Kutadgu Bilig grameri : |
| Alt Eseradı vb. | fiil/ |
| Sorumluluk Bildirimi | Ahmet B. Ercilasun ; Ahmet B. Ercilasun. |
| 264 #1 - ÜRERİM, YAYIN, DAĞITIM ve TELİF BİLDİRİMİ | |
| Yayın yeri | Ankara : |
| Yayınlayan | Gazi Üniversitesi |
| Yayın tarihi | 1984 |
| 300 ## - FİZİKSEL TANIMLAMA | |
| Sayfa, Cilt vb. | XI, 196 sayfa ; |
| Boyutları | 25 cm. |
| 336 ## - İÇERİK TÜRÜ | |
| Content type term | metin |
| Content type code | txt |
| Source | rdacontent |
| 337 ## - MEDYA TÜRÜ | |
| Media type term | aracısız |
| Media type code | n |
| Source | rdamedia |
| 338 ## - TAŞIYICI TÜRÜ | |
| Carrier type term | cilt |
| Carrier type code | nc |
| Source | rdacarrier |
| 490 1# - DİZİ BİLDİRİMİ | |
| Dizi Bildirimi | Gazi Üniversitesi yayın no ; |
| Cilt Numarası | 33. |
| 490 1# - DİZİ BİLDİRİMİ | |
| Dizi Bildirimi | Gazi Eğitim Fakültesi yayın no ; |
| Cilt Numarası | 3 |
| 500 ## - GENEL NOT | |
| Genel Not | Kaynakça var. |
| 650 #0 - KONU BAŞLIĞI EK GİRİŞ - KONU TERİMİ | |
| Konusal terim veya coğrafi ad | Enscriptions, Old Turkic. |
| 9 (RLIN) | 108589 |
| 650 #0 - KONU BAŞLIĞI EK GİRİŞ - KONU TERİMİ | |
| Konusal terim veya coğrafi ad | Yazıtlar, Eski Türk. |
| 9 (RLIN) | 26295 |
| 650 #0 - KONU BAŞLIĞI EK GİRİŞ - KONU TERİMİ | |
| Konusal terim veya coğrafi ad | Old Turkic language--Verb. |
| 9 (RLIN) | 108590 |
| 650 #0 - KONU BAŞLIĞI EK GİRİŞ - KONU TERİMİ | |
| Konusal terim veya coğrafi ad | Eski Türk dili--Fiil. |
| 9 (RLIN) | 108591 |
| 830 1# - SERİ EK GİRİŞİ - TEKBİÇİM ESER ADI | |
| Tekbiçim Başlık | Gazi Üniversitesi yayın no ; |
| Volume number/sequential designation | 33. |
| 9 (RLIN) | 42757 |
| 830 1# - SERİ EK GİRİŞİ - TEKBİÇİM ESER ADI | |
| Tekbiçim Başlık | Gazi Eğitim Fakültesi yayın no ; |
| Volume number/sequential designation | 3 |
| 9 (RLIN) | 42758 |
| 907 ## - LOCAL DATA ELEMENT G, LDG (RLIN) | |
| a | Edebiyat |
| 942 ## - EK GİRİŞ ÖGELERİ (KOHA) | |
| Source of classification or shelving scheme | Library of Congress Classification |
| Koha item type | Book |
| Materyal Türü | Kalıcı Konum | Mevcut Konum | Raf Yeri | Sınıflandırma Kaynağı | Edinim Bilgisi | Ana Konular | Alt Konular | Yer Numarası | Demirbaş Numarası | Fatura Tarihi | Geri Çekilme Durumu | Kayıp Durumu | Hasarlı Durumu | Kredi için değil | Kayıt Tarih | Toplam Ödünçverme | Son Görülme Tarihi | Son Kontrol Tarihi | Genel / Bağış Notu |
|---|---|---|---|---|---|---|---|---|---|---|---|---|---|---|---|---|---|---|---|
| Book | Prof. Dr. Azmi Özcan Kütüphanesi | Prof. Dr. Azmi Özcan Kütüphanesi | Birûni Salonu | Library of Congress Classification | Bağış | DİL VE EDEBİYAT | Doğu Asya, Afrika, Okyanusya Dilleri ve Edebiyatları | PL49.9 .E73 1984 | 0058706 | 02/02/2026 | 29/06/2016 | 7 | 05/12/2024 | 05/12/2024 | Abdulkerim Abdulkadiroğlu, Akademisyen |
